| 000 | 00710 a2200193 4500 | ||
|---|---|---|---|
| 003 | NUST | ||
| 005 | 20251125183507.0 | ||
| 040 | _cNust | ||
| 082 | _a621.382,RIA | ||
| 100 |
_aRiaz, NC Nida (TCC-21) _9132126 |
||
| 245 |
_aMulti-Biometric Access Control System / _cNC Nida Riaz , NC Warda Khan and NC Muhammad Wahab |
||
| 260 |
_aRawalpindi _bMCS (NUST) _c2013 |
||
| 300 | _axi,92 p.; | ||
| 505 | _aIntroduction (Page-1), Background (Page-4), System Overview (Page-14), Design and Development (Page-33), Analysis and Evaluation (Page-53), References (Page-56). | ||
| 650 |
_aUG Project _9131132 |
||
| 651 |
_aTCC-21 _9132127 |
||
| 700 |
_aSupervised by Lt Col Dr. Adnan Rashdi _9132128 |
||
| 942 |
_cPR _2ddc |
||
| 999 |
_c210864 _d210864 |
||